U.S. Navy Ranks Quiz Stats

 Plays Quiz not verified by Sporcle

Score 0/27 Timer 11:00
0 Plays Today
% Correct
Seaman
93.7%
Admiral
83.1%
Lieutenant
78.9%
Seaman recruit
75.4%
Ensign
75.4%
Rear admiral upper half
75.4%
Captain
74.6%
Chief petty officer
73.2%
Commander
73.2%
Seaman apprentice
72.5%
Vice admiral
69.7%
Fleet admiral
69.7%
Rear admiral lower half
68.3%
Master chief petty officer
65.5%
% Correct
Lieutenant commander
64.8%
Petty officer 3rd class
64.1%
Petty officer 1st class
64.1%
Lieutenant junior grade
64.1%
Petty officer 2nd class
63.4%
Senior chief petty officer
59.9%
Master chief petty officer of the navy
50%
Chief warrant officer 2
41.5%
Chief warrant officer 3
41.5%
Chief warrant officer 4
41.5%
Chief warrant officer 5
40.8%
Command master chief petty officer
35.9%
Fleet master chief petty officer
32.4%

You're not logged in!

Compare scores with friends on all Sporcle quizzes.
OR
Log In

Show Comments

Extras

Created Feb 22, 2012ReportNominate
Tags:navy, US Navy

Top Quizzes Today


Score Distribution

Your Account Isn't Verified!

In order to create a playlist on Sporcle, you need to verify the email address you used during registration. Go to your Sporcle Settings to finish the process.

Report this User

Report this user for behavior that violates our Community Guidelines.

Details: